000 00496nam a2200169 i 4500
001 37086
003 ES-MaACL
005 20230906155512.0
007 t|
008 030220m18501851sp ||||1| spa d
100 0 _aDrumen, Juan.
_945684
245 1 0 _aTratado elemental de patología médica /
_cpor Juan Drumen.
260 _aMadrid :
_bCarlos Bailly-Bailliere,
_c1850-51 (
_fA. Santa Coloma)
300 _a2 t. en 1 v. ;
_c22 cm.
650 0 4 _aPatología.
_915884
852 _aES-MaACL
_jG-14976
999 _c37086
_d37086